[Event "Moscow Open F"]
[Site "?"]
[Date "2017.02.02"]
[Round "7.15"]
[White "Taalaibekov, Tagir"]
[Black "Sokolov, Vladimir"]
[Result "1-0"]
[BlackElo "2020"]
[WhiteElo "2173"]
[LiveChessVersion "1.4.8"]

1. d4 {[%clk 1:27:01]} d5 {[%clk 1:30:50]} 2. c4 {[%clk 1:27:07]} c6
{[%clk 1:31:11]} 3. Nf3 {[%clk 1:27:33]} Nf6 {[%clk 1:31:33]} 4. e3
{[%clk 1:27:57]} e6 {[%clk 1:31:44]} 5. Nbd2 {[%clk 1:28:05]} dxc4
{[%clk 1:21:38]} 6. Nxc4 {[%clk 1:28:15]} c5 {[%clk 1:14:56]} 7. Qc2
{[%clk 1:26:06]} Nbd7 {[%clk 1:05:40]} 8. a3 {[%clk 1:24:01]} Qc7
{[%clk 0:58:34]} 9. Bd2 {[%clk 1:21:50]} Be7 {[%clk 0:55:55]} 10. Rc1
{[%clk 1:21:14]} O-O {[%clk 0:37:19]} 11. Be2 {[%clk 1:20:14]} b6
{[%clk 0:36:25]} 12. dxc5 {[%clk 1:18:28]} Bxc5 {[%clk 0:35:39]} 13. O-O
{[%clk 1:12:31]} Bb7 {[%clk 0:34:18]} 14. b4 {[%clk 1:12:56]} Be7
{[%clk 0:34:19]} 15. Qb2 {[%clk 1:13:05]} Bd5 {[%clk 0:31:55]} 16. Rfd1
{[%clk 1:07:20]} Qb7 {[%clk 0:30:15]} 17. Bc3 {[%clk 1:06:55]} Rac8
{[%clk 0:29:08]} 18. Ncd2 {[%clk 1:06:25]} Rc7 {[%clk 0:25:38]} 19. Ne1
{[%clk 1:06:07]} Rfc8 {[%clk 0:20:31]} 20. f3 {[%clk 1:06:22]} Qa8
{[%clk 0:20:36]} 21. e4 {[%clk 1:06:16]} Bb7 {[%clk 0:21:03]} 22. Nd3
{[%clk 1:05:20]} a6 {[%clk 0:18:33]} 23. Nb3 {[%clk 1:04:59]} Ne8
{[%clk 0:17:31]} 24. Qd2 {[%clk 0:56:52]} Nd6 {[%clk 0:15:44]} 25. Ba1
{[%clk 0:48:42]} Nc4 26. Qf4 {[%clk 0:49:07]} h6 {[%clk 0:12:35]} 27. h4
{[%clk 0:48:18]} Bd6 {[%clk 0:10:02]} 28. Qg4 {[%clk 0:47:11]} e5
{[%clk 0:08:37]} 29. Rxc4 {[%clk 0:35:20]} Nf6 {[%clk 0:08:55]} 30. Qf5
{[%clk 0:35:21]} Rxc4 31. Nxe5 {[%clk 0:34:27]} Bxe5 {[%clk 0:08:37]} 32. Bxe5
{[%clk 0:34:54]} Rc2 {[%clk 0:05:48]} 33. Bd3 {[%clk 0:31:58]} R2c6
{[%clk 0:06:15]} 34. Kf2 {[%clk 0:29:43]} Rd8 {[%clk 0:06:14]} 35. Nd4
{[%clk 0:29:03]} Rxd4 {[%clk 0:02:14]} 36. Bxd4 {[%clk 0:29:18]} Qd8
{[%clk 0:02:41]} 37. Bb2 {[%clk 0:25:13]} Bc8 {[%clk 0:02:50]} 38. Qf4
{[%clk 0:23:06]} Rd6 {[%clk 0:03:14]} 39. Qe3 {[%clk 0:23:01]} Nh5
{[%clk 0:02:04]} 40. g3 {[%clk 0:22:46]} Rg6 {[%clk 0:00:33]} 41. e5
{[%clk 0:11:11]} Nxg3 {[%clk 0:00:34]} 42. Qd4 {[%clk 0:09:53]} Qxd4+
{[%clk 0:00:33]} 43. Bxd4 {[%clk 0:10:22]} Nf5 {[%clk 0:00:33]} 44. h5
{[%clk 0:09:04]} Rc6 {[%clk 0:00:48]} 45. Be4 {[%clk 0:09:18]} Rc4
{[%clk 0:00:56]} 46. Bxb6 {[%clk 0:09:37]} Kh7 {[%clk 0:00:40]} 47. Rd8
{[%clk 0:09:26]} g6 {[%clk 0:00:35]} 48. Bc5 {[%clk 0:07:35]} Be6
{[%clk 0:00:52]} 49. hxg6+ {[%clk 0:07:32]} Kxg6 {[%clk 0:01:19]} 50. Rg8+
{[%clk 0:07:30]} Kh5 {[%clk 0:01:12]} 51. Ra8 {[%clk 0:06:12]} Rc1
{[%clk 0:01:05]} 52. a4 {[%clk 0:03:54]} Ra1 {[%clk 0:00:39]} 53. b5
{[%clk 0:03:24]} Ra2+ {[%clk 0:00:44]} 54. Ke1 {[%clk 0:03:53]} Ng3
{[%clk 0:00:34]} 55. b6 {[%clk 0:02:59]} Nxe4 {[%clk 0:00:37]} 56. fxe4
{[%clk 0:02:49]} Rb2 {[%clk 0:00:38]} 57. Rxa6 {[%clk 0:02:34]} Bd7
{[%clk 0:00:36]} 58. Ra7 {[%clk 0:02:28]} Bc6 {[%clk 0:00:55]} 59. a5
{[%clk 0:02:16]} Kg5 {[%clk 0:00:44]} 60. Rxf7 {[%clk 0:02:13]} Rb5
{[%clk 0:00:53]} 61. Be3+ {[%clk 0:02:22]} Kg4 {[%clk 0:01:09]} 62. a6
{[%clk 0:02:33]} Rxe5 {[%clk 0:00:34]} 63. b7 {[%clk 0:02:23]} Rb5
{[%clk 0:00:51]} 64. Ba7 {[%clk 0:02:46]} 1-0

[Event "Moscow Open F"]
[Site "?"]
[Date "2017.02.02"]
[Round "7.16"]
[White "Gaboshvili, Georgy"]
[Black "Mamatov, Melis"]
[Result "0-1"]
[BlackElo "2168"]
[WhiteElo "1955"]
[LiveChessVersion "1.4.8"]

1. e4 {[%clk 1:30:58]} c5 {[%clk 1:27:32]} 2. Nf3 {[%clk 1:31:22]} b6
{[%clk 1:27:44]} 3. d4 {[%clk 1:31:48]} cxd4 {[%clk 1:28:12]} 4. Nxd4
{[%clk 1:32:13]} Bb7 {[%clk 1:28:39]} 5. Nc3 {[%clk 1:32:38]} a6 {[%clk 1:28:54]}
6. Be3 {[%clk 1:32:42]} e6 {[%clk 1:29:12]} 7. Qd2 {[%clk 1:32:13]} Qc7
{[%clk 1:29:04]} 8. f3 {[%clk 1:31:04]} Nf6 {[%clk 1:28:34]} 9. g4
{[%clk 1:28:59]} Nc6 {[%clk 1:24:45]} 10. O-O-O {[%clk 1:26:30]} Ne5
{[%clk 1:24:41]} 11. g5 {[%clk 1:22:04]} Nh5 {[%clk 1:18:53]} 12. Be2
{[%clk 1:06:31]} Ng6 {[%clk 1:12:58]} 13. Nb3 {[%clk 1:02:19]} Bb4
{[%clk 1:10:28]} 14. Qd4 {[%clk 0:58:53]} Bxc3 {[%clk 1:08:17]} 15. bxc3
{[%clk 0:58:55]} d5 {[%clk 1:07:27]} 16. exd5 {[%clk 0:54:20]} Bxd5
{[%clk 1:07:38]} 17. c4 {[%clk 0:40:58]} Nhf4 {[%clk 1:07:46]} 18. Bd3
{[%clk 0:36:52]} Bxf3 {[%clk 0:51:54]} 19. Rhf1 {[%clk 0:31:43]} Bxd1
{[%clk 0:51:13]} 20. Bxf4 {[%clk 0:27:52]} Nxf4 {[%clk 0:51:25]} 21. Rxf4
{[%clk 0:27:50]} Bh5 {[%clk 0:51:31]} 22. Rh4 {[%clk 0:27:36]} Bg6
{[%clk 0:51:06]} 23. Qxg7 {[%clk 0:22:38]} O-O-O {[%clk 0:51:00]} 24. Bxg6
{[%clk 0:22:40]} fxg6 {[%clk 0:51:04]} 25. Qf6 {[%clk 0:22:31]} Rhe8
{[%clk 0:51:04]} 26. Re4 {[%clk 0:20:50]} Qe7 {[%clk 0:50:37]} 27. Nd4
{[%clk 0:15:52]} Qxf6 {[%clk 0:48:34]} 28. gxf6 {[%clk 0:16:20]} Rd6
{[%clk 0:48:49]} 29. f7 {[%clk 0:15:06]} Rf8 {[%clk 0:49:07]} 30. Nxe6
{[%clk 0:15:14]} Rxf7 {[%clk 0:49:28]} 31. Ng5 {[%clk 0:15:34]} Rf1+
{[%clk 0:49:15]} 32. Kb2 {[%clk 0:16:04]} h6 {[%clk 0:49:29]} 33. Ne6
{[%clk 0:16:26]} Rf2 {[%clk 0:49:00]} 34. h4 {[%clk 0:16:46]} Rdd2
{[%clk 0:48:32]} 35. Nd4 {[%clk 0:17:14]} g5 {[%clk 0:48:25]} 36. hxg5
{[%clk 0:16:02]} hxg5 {[%clk 0:48:54]} 37. Kc3 {[%clk 0:16:20]} Rd1
{[%clk 0:48:50]} 38. Re8+ Kd7 {[%clk 0:48:44]} 39. Rg8 {[%clk 0:14:54]} Rg2
{[%clk 0:47:36]} 40. Rg7+ {[%clk 0:14:51]} Ke8 {[%clk 0:47:44]} 41. Nf5
{[%clk 0:13:58]} Rf1 {[%clk 0:44:40]} 42. Re7+ {[%clk 0:12:02]} Kd8
{[%clk 0:44:24]} 43. Re5 {[%clk 0:12:31]} Rf3+ {[%clk 0:43:46]} 44. Kb2
{[%clk 0:11:20]} Rd2 {[%clk 0:42:16]} 45. Ne3 {[%clk 0:06:56]} Re2
{[%clk 0:41:45]} 46. Rd5+ {[%clk 0:07:12]} Kc7 {[%clk 0:41:45]} 47. Nf5
{[%clk 0:07:08]} Rff2 {[%clk 0:40:56]} 48. Nd4 {[%clk 0:07:07]} Re4
{[%clk 0:40:06]} 49. Kc3 {[%clk 0:06:24]} Rff4 {[%clk 0:39:30]} 50. c5
{[%clk 0:05:13]} bxc5 {[%clk 0:38:36]} 51. Rxc5+ {[%clk 0:05:36]} Kd6
{[%clk 0:38:49]} 52. Rc4 {[%clk 0:05:11]} Kd5 {[%clk 0:39:12]} 0-1

[Event "Moscow Open F"]
[Site "?"]
[Date "2017.02.02"]
[Round "7.17"]
[White "Dzhaumutbaev, Erzhan"]
[Black "Samdanova, Surena"]
[Result "1-0"]
[BlackElo "1887"]
[WhiteElo "2148"]
[LiveChessVersion "1.4.8"]

1. e4 {[%clk 1:14:19]} c5 {[%clk 1:30:55]} 2. Nf3 {[%clk 1:14:46]} Nc6
{[%clk 1:31:21]} 3. Nc3 {[%clk 1:15:08]} d6 {[%clk 1:30:11]} 4. d4
{[%clk 1:15:09]} cxd4 {[%clk 1:30:37]} 5. Nxd4 {[%clk 1:15:37]} Nf6
{[%clk 1:30:37]} 6. Be2 {[%clk 1:12:16]} e5 {[%clk 1:30:07]} 7. Nb3
{[%clk 1:11:04]} h6 {[%clk 1:30:26]} 8. O-O {[%clk 1:11:03]} Be7 {[%clk 1:30:35]}
9. f4 {[%clk 1:09:36]} O-O {[%clk 1:22:24]} 10. f5 {[%clk 1:08:13]} a5
{[%clk 1:21:42]} 11. a4 {[%clk 1:06:55]} Nb4 {[%clk 1:21:19]} 12. Bc4
{[%clk 1:00:01]} Qc7 {[%clk 1:14:01]} 13. Qe2 {[%clk 0:59:33]} Nxc2
{[%clk 1:12:59]} 14. Bxf7+ {[%clk 0:59:45]} Rxf7 {[%clk 1:13:26]} 15. Qxc2
{[%clk 1:00:10]} d5 {[%clk 0:57:51]} 16. exd5 {[%clk 0:57:20]} Nxd5
{[%clk 0:57:54]} 17. Bd2 {[%clk 0:56:57]} Nf4 {[%clk 0:47:03]} 18. Bxf4
{[%clk 0:52:45]} exf4 {[%clk 0:47:01]} 19. Qd1 {[%clk 0:51:10]} Rxf5
{[%clk 0:36:21]} 20. Nd5 {[%clk 0:49:09]} Qd6 {[%clk 0:36:02]} 21. Nxe7+
{[%clk 0:49:06]} Qxe7 {[%clk 0:36:30]} 22. Re1 {[%clk 0:48:43]} Qf8
{[%clk 0:24:22]} 23. Nd4 {[%clk 0:44:31]} Rf7 {[%clk 0:24:12]} 24. Qb3
{[%clk 0:44:09]} Kh8 {[%clk 0:21:39]} 25. Nf3 {[%clk 0:43:41]} Ra6
{[%clk 0:15:19]} 26. Rac1 {[%clk 0:39:31]} Bf5 {[%clk 0:15:20]} 27. Ne5
{[%clk 0:38:58]} Re7 {[%clk 0:15:33]} 28. Qa3 {[%clk 0:37:56]} Kh7
{[%clk 0:14:59]} 29. Rc7 {[%clk 0:35:27]} Rae6 {[%clk 0:12:05]} 30. Rxb7
{[%clk 0:35:23]} Qe8 {[%clk 0:12:16]} 31. Rxe7 {[%clk 0:35:33]} Rxe7
{[%clk 0:12:42]} 32. Qc5 {[%clk 0:35:29]} Bg4 {[%clk 0:05:40]} 33. Qxa5
{[%clk 0:35:02]} f3 {[%clk 0:05:59]} 34. Nxf3 {[%clk 0:33:01]} Rxe1+
{[%clk 0:06:07]} 35. Qxe1 {[%clk 0:33:20]} Qxa4 {[%clk 0:06:26]} 36. b4
{[%clk 0:30:31]} Qa7+ {[%clk 0:05:31]} 37. Kf1 {[%clk 0:30:23]} Qa6+
{[%clk 0:04:59]} 38. Kf2 {[%clk 0:30:46]} Qb6+ {[%clk 0:04:36]} 39. Kg3
{[%clk 0:30:44]} Bf5 {[%clk 0:04:30]} 40. Qc3 {[%clk 0:30:16]} Bg6
{[%clk 0:03:27]} 41. Qc5 {[%clk 0:30:38]} Qb8+ {[%clk 0:03:45]} 42. Kf2
{[%clk 0:30:42]} Bd3 {[%clk 0:03:37]} 43. Ne5 {[%clk 0:30:42]} Bb5
{[%clk 0:03:13]} 44. h4 {[%clk 0:29:14]} Ba4 {[%clk 0:02:19]} 45. g4
{[%clk 0:28:39]} Qd8 {[%clk 0:02:26]} 46. Nf3 {[%clk 0:28:34]} Kh8
{[%clk 0:02:27]} 47. g5 {[%clk 0:28:34]} hxg5 {[%clk 0:02:30]} 48. hxg5
{[%clk 0:28:33]} Qd3 {[%clk 0:02:38]} 49. Qc8+ {[%clk 0:19:30]} Kh7
{[%clk 0:03:01]} 50. Qh3+ {[%clk 0:19:44]} Kg8 {[%clk 0:03:19]} 51. Qe6+
{[%clk 0:19:53]} Kh7 {[%clk 0:03:12]} 52. Qe3 {[%clk 0:19:59]} Qc2+
{[%clk 0:02:54]} 53. Kg3 {[%clk 0:17:50]} Bc6 {[%clk 0:02:29]} 54. Ne5
{[%clk 0:15:39]} Qg2+ {[%clk 0:02:26]} 55. Kf4 {[%clk 0:15:59]} Qf1+
{[%clk 0:01:38]} 56. Kg4 {[%clk 0:16:14]} Qg2+ {[%clk 0:01:24]} 57. Kf5
{[%clk 0:16:28]} g6+ {[%clk 0:00:43]} 58. Kf6 {[%clk 0:15:28]} Qf1+
{[%clk 0:00:49]} 59. Ke7 {[%clk 0:15:51]} Bb5 {[%clk 0:00:35]} 60. Qe4
{[%clk 0:12:52]} Qf5 {[%clk 0:00:37]} 61. Qxf5 {[%clk 0:13:11]} gxf5
{[%clk 0:01:06]} 62. Kf8 {[%clk 0:13:32]} 1-0

[Event "Moscow Open F"]
[Site "?"]
[Date "2017.02.02"]
[Round "7.19"]
[White "Matsenko, Andrei"]
[Black "Leolko, Ludmila"]
[Result "1/2-1/2"]
[BlackElo "2012"]
[WhiteElo "2356"]
[LiveChessVersion "1.4.8"]

1. b3 {[%clk 1:30:50]} d5 {[%clk 1:29:37]} 2. Bb2 {[%clk 1:31:15]} c5
{[%clk 1:29:17]} 3. e3 {[%clk 1:31:38]} Nc6 {[%clk 1:29:29]} 4. f4
{[%clk 1:31:01]} Nf6 {[%clk 1:29:09]} 5. Nf3 {[%clk 1:29:51]} e6 {[%clk 1:28:43]}
6. Bb5 {[%clk 1:30:09]} Qc7 {[%clk 1:23:11]} 7. Ne5 {[%clk 1:28:07]} Bd6
{[%clk 1:23:09]} 8. O-O {[%clk 1:27:52]} h5 {[%clk 1:17:58]} 9. d3
{[%clk 1:25:12]} Bd7 {[%clk 1:12:55]} 10. Bxc6 {[%clk 1:24:55]} Bxc6
{[%clk 1:12:58]} 11. Nd2 {[%clk 1:24:25]} O-O-O {[%clk 1:10:43]} 12. Qe2
{[%clk 1:21:28]} h4 {[%clk 1:06:50]} 13. Nxc6 {[%clk 1:11:11]} Qxc6
{[%clk 1:06:30]} 14. e4 {[%clk 1:11:34]} dxe4 {[%clk 1:03:14]} 15. dxe4
{[%clk 1:11:46]} Bc7 {[%clk 1:01:16]} 16. e5 {[%clk 1:09:48]} Nd5
{[%clk 0:58:04]} 17. h3 {[%clk 1:07:12]} Ne7 {[%clk 0:57:28]} 18. Ne4
{[%clk 1:04:13]} Nf5 {[%clk 0:57:36]} 19. Rfd1 {[%clk 1:03:11]} c4
{[%clk 0:34:33]} 20. Kh2 {[%clk 0:59:40]} Qb6 {[%clk 0:23:32]} 21. Ng5
{[%clk 0:52:16]} Qe3 {[%clk 0:21:43]} 22. Rxd8+ {[%clk 0:44:44]} Rxd8
{[%clk 0:22:02]} 23. Qxe3 {[%clk 0:45:00]} Nxe3 {[%clk 0:22:25]} 24. bxc4
{[%clk 0:44:39]} Rd2 {[%clk 0:19:40]} 25. Bc1 {[%clk 0:38:42]} Rxg2+
{[%clk 0:19:28]} 26. Kh1 {[%clk 0:39:09]} Re2 {[%clk 0:18:49]} 27. Bxe3
{[%clk 0:39:20]} Rxe3 {[%clk 0:19:14]} 28. Kg2 {[%clk 0:36:19]} Rg3+
{[%clk 0:18:22]} 29. Kf2 {[%clk 0:34:17]} Bxe5 {[%clk 0:18:37]} 30. Re1
{[%clk 0:33:26]} Bd4+ {[%clk 0:17:57]} 31. Ke2 {[%clk 0:33:40]} Re3+
{[%clk 0:17:05]} 32. Kd2 {[%clk 0:34:02]} Rxe1 {[%clk 0:17:12]} 33. Kxe1
{[%clk 0:34:31]} Be3 {[%clk 0:17:29]} 34. Nxf7 {[%clk 0:34:55]} Bxf4
{[%clk 0:17:51]} 35. Ke2 {[%clk 0:35:23]} Kd7 {[%clk 0:16:02]} 36. Kf3
{[%clk 0:35:43]} Bg3 {[%clk 0:15:36]} 37. Ke4 {[%clk 0:36:00]} Ke7
{[%clk 0:15:04]} 38. Ng5 {[%clk 0:35:52]} Kf6 {[%clk 0:15:23]} 39. Nf3
{[%clk 0:34:24]} g5 {[%clk 0:15:45]} 40. Ng1 {[%clk 0:33:47]} Bf2
{[%clk 0:14:17]} 41. Ne2 {[%clk 0:32:07]} Be1 {[%clk 0:13:03]} 42. Nd4
{[%clk 0:30:32]} a6 {[%clk 0:12:14]} 43. c5 {[%clk 0:30:38]} e5 {[%clk 0:10:39]}
44. c6 {[%clk 0:30:58]} bxc6 {[%clk 0:11:05]} 45. Nxc6 {[%clk 0:31:22]} Bc3
{[%clk 0:11:06]} 46. Kf3 {[%clk 0:28:55]} a5 {[%clk 0:11:24]} 47. Nd8
{[%clk 0:28:09]} Kf5 {[%clk 0:11:42]} 48. Nf7 {[%clk 0:28:20]} e4+
{[%clk 0:10:15]} 49. Ke3 {[%clk 0:28:41]} Bb4 {[%clk 0:09:06]} 50. Nh6+
{[%clk 0:29:01]} Ke5 {[%clk 0:09:17]} 51. Ng4+ {[%clk 0:29:25]} Kf5
{[%clk 0:09:40]} 52. Nh6+ {[%clk 0:29:49]} Ke5 53. Kxe4+ 1/2-1/2

[Event "Moscow Open F"]
[Site "?"]
[Date "2017.02.02"]
[Round "7.20"]
[White "Kamrukov, Alexey"]
[Black "Zakharova, Evgenia"]
[Result "1/2-1/2"]
[BlackElo "1914"]
[WhiteElo "2311"]
[LiveChessVersion "1.4.8"]

1. d4 {[%clk 1:30:58]} d5 {[%clk 1:30:50]} 2. c4 {[%clk 1:31:25]} dxc4
{[%clk 1:31:11]} 3. Nf3 {[%clk 1:31:35]} Nf6 {[%clk 1:31:21]} 4. e3
{[%clk 1:31:40]} e6 {[%clk 1:31:32]} 5. Bxc4 {[%clk 1:32:02]} a6 {[%clk 1:30:36]}
6. O-O {[%clk 1:27:48]} c5 {[%clk 1:29:00]} 7. dxc5 {[%clk 1:13:55]} Bxc5
{[%clk 1:25:53]} 8. Qe2 {[%clk 1:05:03]} Nc6 {[%clk 1:21:48]} 9. e4
{[%clk 0:58:09]} b5 {[%clk 1:15:50]} 10. Bb3 {[%clk 0:56:29]} Bb7
{[%clk 1:05:23]} 11. e5 {[%clk 0:53:25]} Nd5 {[%clk 1:01:47]} 12. Rd1
{[%clk 0:48:59]} Nce7 {[%clk 1:00:34]} 13. Nc3 {[%clk 0:43:41]} Qc7
{[%clk 0:56:20]} 14. Ne4 {[%clk 0:40:52]} O-O {[%clk 0:55:36]} 15. Nxc5
{[%clk 0:38:45]} Qxc5 {[%clk 0:55:52]} 16. Bd2 {[%clk 0:36:13]} Qb6
{[%clk 0:52:42]} 17. Bc2 {[%clk 0:28:11]} Ng6 {[%clk 0:46:05]} 18. Bxg6
{[%clk 0:21:59]} fxg6 {[%clk 0:45:45]} 19. Rac1 {[%clk 0:17:32]} a5
{[%clk 0:38:50]} 20. Ne1 {[%clk 0:10:51]} b4 {[%clk 0:36:21]} 21. Nf3
{[%clk 0:07:50]} Rad8 {[%clk 0:30:04]} 22. Ng5 {[%clk 0:07:21]} Ba6
{[%clk 0:27:52]} 23. Qe1 {[%clk 0:06:41]} Bd3 {[%clk 0:21:54]} 24. Be3
{[%clk 0:05:05]} Nxe3 {[%clk 0:20:15]} 25. Qxe3 {[%clk 0:05:32]} Qxe3
{[%clk 0:18:30]} 26. fxe3 {[%clk 0:05:58]} Bf5 {[%clk 0:18:19]} 27. Rxd8
{[%clk 0:03:06]} Rxd8 {[%clk 0:18:42]} 28. e4 {[%clk 0:02:05]} Bg4
{[%clk 0:17:14]} 29. Rc6 {[%clk 0:01:45]} h6 {[%clk 0:15:57]} 30. Nxe6
{[%clk 0:01:39]} Rd1+ {[%clk 0:14:58]} 31. Kf2 {[%clk 0:02:04]} Bxe6
{[%clk 0:15:15]} 32. Rxe6 {[%clk 0:02:31]} Rd2+ {[%clk 0:15:16]} 33. Kf3
{[%clk 0:02:26]} Rxb2 {[%clk 0:15:27]} 34. Ra6 {[%clk 0:02:29]} Rxa2
{[%clk 0:15:48]} 35. e6 {[%clk 0:02:52]} Kf8 {[%clk 0:14:49]} 36. Kf4
{[%clk 0:02:33]} Rc2 {[%clk 0:13:10]} 37. Ke5 {[%clk 0:02:36]} Rc8
{[%clk 0:12:37]} 38. Rxa5 {[%clk 0:01:40]} Rb8 {[%clk 0:12:51]} 39. Kd6
{[%clk 0:01:03]} b3 {[%clk 0:12:29]} 40. Ra1 {[%clk 0:01:28]} b2 {[%clk 0:12:07]}
41. Rb1 {[%clk 0:01:57]} Ke8 {[%clk 0:10:59]} 42. Kc7 {[%clk 0:01:11]} Rb4
{[%clk 0:09:57]} 43. Kd6 {[%clk 0:00:47]} Rb6+ {[%clk 0:10:06]} 44. Kc5
{[%clk 0:00:55]} 1/2-1/2

[Event "Moscow Open F"]
[Site "?"]
[Date "2017.02.02"]
[Round "7.21"]
[White "Lojko, Alexej"]
[Black "Astrelin, Evgeny"]
[Result "1-0"]
[BlackElo "1961"]
[WhiteElo "2273"]
[LiveChessVersion "1.4.8"]

1. d4 Nf6 2. Bg5 e6 3. e4 Be7 4. e5 Nd5 5. Bxe7 Nxe7 6. Nf3 b6 7. Bd3 Bb7 8. Nbd2
d5 9. exd6 Qxd6 10. O-O Nd7 11. Qe2 Nf6 12. Bb5+ c6 13. Ba6 Bxa6 14. Qxa6 O-O 15.
Nb3 Ned5 16. a4 Qf4 17. Rfe1 Rfc8 18. Ne5 Ng4 19. Nxg4 Qxg4 20. Qe2 Qxe2 21. Rxe2
a5 22. c3 Nf4 23. Rd2 Nd5 24. Kf1 f6 25. c4 Nb4 26. c5 b5 27. Ke2 Rcb8 28. Kd1
Nd5 29. Kc2 b4 30. Re1 Kf7 31. g3 Nc7 32. Rd3 Re8 33. Nd2 Re7 34. Nc4 Ne8 35. Nb6
Rb8 36. Nc4 Ra8 37. f4 g6 38. g4 Ng7 39. Rde3 Kf8 40. Nd6 Rd7 41. Kb3 Rb8 42. Kc4
Rbd8 43. Rh3 Kg8 44. Rhe3 Kf8 45. R1e2 Kg8 46. b3 Kf8 47. h3 Kg8 48. Rxe6 Nxe6
49. Rxe6 f5 50. g5 Kf8 51. d5 cxd5+ 52. Kxd5 Re7 53. c6 Rc7 54. Kc5 Rb8 55. Nb5
Rcc8 56. Rf6+ Ke7 57. Nd6 Rf8 58. c7 Rfc8 59. Nxc8+ Rxc8 60. Kc6 Rh8 61. Kb7 Kd7
62. Rf7+ Kd6 63. c8=Q Rxc8 64. Kxc8 Kd5 65. Rxh7 Ke4 66. Rh6 Kxf4 67. Rxg6 Ke3
68. Rf6 f4 69. g6 f3 70. g7 1-0

[Event "Moscow Open F"]
[Site "?"]
[Date "2017.02.03"]
[Round "8.1"]
[White "Tekeyev, Zaur"]
[Black "Kezin, Roman"]
[Result "1-0"]
[BlackElo "2439"]
[WhiteElo "2357"]
[LiveChessVersion "1.4.8"]

1. e4 {[%clk 1:29:58]} c5 {[%clk 1:21:48]} 2. Nf3 {[%clk 1:30:50]} e6
{[%clk 1:22:12]} 3. d4 {[%clk 1:31:16]} cxd4 {[%clk 1:22:38]} 4. Nxd4
{[%clk 1:31:43]} Nc6 {[%clk 1:22:58]} 5. Nc3 {[%clk 1:32:08]} Qc7
{[%clk 1:23:23]} 6. Be3 {[%clk 1:32:32]} a6 {[%clk 1:23:49]} 7. Qf3
{[%clk 1:32:58]} d6 {[%clk 1:22:20]} 8. Nxc6 {[%clk 1:33:16]} Qxc6
{[%clk 1:20:36]} 9. Qg3 {[%clk 1:26:56]} b5 {[%clk 1:16:38]} 10. Bd3
{[%clk 1:27:02]} Nf6 {[%clk 1:16:48]} 11. f3 {[%clk 1:21:53]} Be7
{[%clk 0:53:30]} 12. e5 {[%clk 1:02:06]} dxe5 {[%clk 0:53:58]} 13. Ne4
{[%clk 1:02:27]} Nd5 {[%clk 0:34:39]} 14. Qxg7 {[%clk 1:02:30]} Rf8
{[%clk 0:35:05]} 15. Bh6 {[%clk 1:01:34]} f5 {[%clk 0:27:26]} 16. Ng5
{[%clk 0:51:36]} Bb7 {[%clk 0:20:50]} 17. O-O-O {[%clk 0:24:21]} O-O-O
{[%clk 0:00:37]} 18. Qxe5 {[%clk 0:19:40]} Rd7 {[%clk 0:00:33]} 19. Nxe6
{[%clk 0:12:55]} Bf6 {[%clk 0:00:44]} 20. Nd4 {[%clk 0:13:00]} Qb6
{[%clk 0:00:39]} 21. Qe6 {[%clk 0:12:50]} Qxd4 {[%clk 0:00:36]} 22. Qxd7+
{[%clk 0:13:14]} Kxd7 {[%clk 0:00:31]} 23. Bxf5+ {[%clk 0:13:43]} Ke8
{[%clk 0:00:46]} 24. Rxd4 {[%clk 0:13:25]} Bxd4 {[%clk 0:01:14]} 25. Bxf8
{[%clk 0:13:45]} Ne3 {[%clk 0:00:34]} 26. Bxh7 {[%clk 0:10:52]} Kxf8
{[%clk 0:01:02]} 27. c3 {[%clk 0:08:20]} Be5 {[%clk 0:00:50]} 28. g3
{[%clk 0:06:32]} Bxf3 {[%clk 0:00:33]} 29. Re1 {[%clk 0:06:59]} Ng4
{[%clk 0:00:47]} 30. Be4 {[%clk 0:07:08]} Nxh2 {[%clk 0:00:32]} 31. Bxf3
{[%clk 0:06:34]} Bxg3 {[%clk 0:01:00]} 32. Rd1 {[%clk 0:06:23]} Nxf3
{[%clk 0:00:33]} 33. Rf1 {[%clk 0:06:45]} 1-0

[Event "Moscow Open F"]
[Site "?"]
[Date "2017.02.03"]
[Round "8.2"]
[White "Bernadskiy, Vitaliy"]
[Black "Vakhlamov, Igor L."]
[Result "1/2-1/2"]
[BlackElo "2405"]
[WhiteElo "2540"]
[LiveChessVersion "1.4.8"]

1. c4 Nf6 2. Nc3 c5 3. Nf3 Nc6 4. d4 cxd4 5. Nxd4 g6 6. g3 Bg7 7. Bg2 O-O 8. O-O
Qa5 9. e3 d6 10. Qe2 Bg4 11. f3 Bd7 12. Rd1 Rac8 13. Bd2 Qb6 14. Be1 Nxd4 15.
exd4 Qa6 16. Bf1 Rfe8 17. Bf2 e5 18. d5 e4 19. h3 h5 20. f4 e3 21. Bxe3 Ne4 22.
Nxe4 Rxe4 23. Qf3 Rce8 24. Bf2 Bxb2 25. Rab1 Qxa2 26. Bd3 Rd4 27. Re1 Rxe1+ 28.
Rxe1 Bxh3 29. Qe2 Rxd3 30. Qxd3 Bf6 31. Re2 Qa1+ 32. Re1 Qa2 33. Re2 Qa1+ 34. Kh2
Kg7 35. Re1 Qb2 36. Qe2 Qxe2 37. Rxe2 Bf1 38. Rc2 Bd3 39. Rc1 Bb2 40. Rd1 Bxc4
41. Rb1 Bf6 42. Rxb7 a5 43. Ra7 Bxd5 44. Rxa5 Be4 45. Kg1 d5 46. Ra6 d4 47. Rd6
d3 48. Bd4 1/2-1/2